PRACTICAL PHARMACEUTICAL CHEMISTRY ONE (Record no. 31068)
[ view plain ]
| 000 -LEADER | |
|---|---|
| fixed length control field | 00346nam a2200133Ia 4500 |
| 008 - FIXED-LENGTH DATA ELEMENTS--GENERAL INFORMATION | |
| fixed length control field | 170620s9999 xx 000 0 und d |
| 020 ## - INTERNATIONAL STANDARD BOOK NUMBER | |
| International Standard Book Number | 8123905130 |
| 100 ## - MAIN ENTRY--PERSONAL NAME | |
| Personal name | BECKETT - A H & STENLAKE |
| 245 #0 - TITLE STATEMENT | |
| Title | PRACTICAL PHARMACEUTICAL CHEMISTRY ONE |
| 260 ## - PUBLICATION, DISTRIBUTION, ETC. | |
| Name of publisher, distributor, etc. | CBS- DELHI |
| 260 ## - PUBLICATION, DISTRIBUTION, ETC. | |
| Date of publication, distribution, etc. | 2005 |
| 300 ## - PHYSICAL DESCRIPTION | |
| Extent | 326 |
| 546 ## - LANGUAGE NOTE | |
| Language note | English |
| 690 ## - LOCAL SUBJECT ADDED ENTRY--TOPICAL TERM (OCLC, RLIN) | |
| Topical term or geographic name as entry element | PRACTICAL PHARMACEUTICAL CHEMISTRY |
No items available.

